Normal view
MARC view
- Curry, C.Richard
Entry Personal Name
001 - CONTROL NUMBER
- control field: 58124
003 - CONTROL NUMBER IDENTIFIER
- control field: NUST
005 - DATE AND TIME OF LATEST TRANSACTION
- control field: 20210628202048.0
008 - FIXED-LENGTH DATA ELEMENTS
- fixed length control field: 210628|| aca||aabn | a|a d
040 ## - CATALOGING SOURCE
- Original cataloging agency: NUST
- Transcribing agency: NUST
100 ## - HEADING--PERSONAL NAME
- Personal name: Curry, C.Richard
670 ## - SOURCE DATA FOUND
- Source citation: Work cat.: (NUST): Curry, C.Richard, Radar system performance modeling, 2001
